Construction portal for Russia (Record no. 120754)

MARC details
000 -LEADER
fixed length control field 00796cai a22001935a 4500
001 - CONTROL NUMBER
control field L146225
008 - FIXED-LENGTH DATA ELEMENTS--GENERAL INFORMATION
fixed length control field 081217u pl g 000 0 eng d
035 ## - SYSTEM CONTROL NUMBER
System control number (Sirsi) u146225
041 0# - LANGUAGE CODE
Language code of text/sound track or separate title eng
110 2# - MAIN ENTRY--CORPORATE NAME
Corporate name or jurisdiction name as entry element PMR
9 (RLIN) 5675
245 00 - TITLE STATEMENT
Title Construction portal for Russia
Medium [electronic resource]
520 ## - SUMMARY, ETC.
Summary, etc. Section of the PMR website dedicated to the construction sector and property market in Russia. Provides information on the construction market, contractors and developers, planned investment, building materials, real estate.
590 ## - LOCAL NOTE (RLIN)
Local note KA
650 24 - SUBJECT ADDED ENTRY--TOPICAL TERM
Topical term or geographic name entry element BUILDING COST INDEX
651 #4 - SUBJECT ADDED ENTRY--GEOGRAPHIC NAME
Geographic name Russia
690 ## - LOCAL SUBJECT ADDED ENTRY--TOPICAL TERM (OCLC, RLIN)
Topical term or geographic name as entry element BUILT ENVIRONMENT-CONSTRUCTION MARKET
856 40 - ELECTRONIC LOCATION AND ACCESS
Uniform Resource Identifier <a href="https://www.constructionrussia.com/index.php">https://www.constructionrussia.com/index.php</a>
Public note View the site free of charge online at www.constructionrussia.com...
942 ## - ADDED ENTRY ELEMENTS (KOHA)
Suppress in OPAC 0
Holdings
Withdrawn status Lost status Source of classification or shelving scheme Damaged status Not for loan Home library Current library Shelving location Date acquired Total Checkouts Full call number Barcode Date last seen Copy number Price effective from Koha item type
    Dewey Decimal Classification     Virtual Virtual Online 17/12/2008   ONLINE PUBLICATION 146225-2001 06/08/2019 1 06/08/2019 Online material